Research for HCR inspections (Record no. 70135)

MARC details
000 -LEADER
fixed length control field 00890cam a2200205 4500
001 - CONTROL NUMBER
control field WB3816-11
008 - FIXED-LENGTH DATA ELEMENTS--GENERAL INFORMATION
fixed length control field 020430n2002 000 0 eng u
035 ## - SYSTEM CONTROL NUMBER
System control number (Sirsi) u117785
245 ## - TITLE STATEMENT
Title Research for HCR inspections
260 ## - PUBLICATION, DISTRIBUTION, ETC.
Date of publication, distribution, etc. 2002
490 ## - SERIES STATEMENT
Series statement Negotiator
Volume/sequential designation 17(5) 26 April 2002, 8(1)
520 ## - SUMMARY, ETC.
Summary, etc. The Awarding Body for the Built Environment (ABBE) is undertaking DTLR funded research into how the new qualification for Home Condition Inspectors - a Vocationally Related Qualification (VRQ) - could be assessed. The qualification will be required if the Seller's Pack legislation goes ahead in its current form and introduces Home Condition Reports.
590 ## - LOCAL NOTE (RLIN)
Local note WB
650 ## - SUBJECT ADDED ENTRY--TOPICAL TERM
Topical term or geographic name entry element SELLERS INFORMATION PACKS
650 ## - SUBJECT ADDED ENTRY--TOPICAL TERM
Topical term or geographic name entry element HOME CONDITION INSPECTORS
650 ## - SUBJECT ADDED ENTRY--TOPICAL TERM
Topical term or geographic name entry element QUALIFICATIONS
650 ## - SUBJECT ADDED ENTRY--TOPICAL TERM
Topical term or geographic name entry element HOME CONDITION REPORTS
690 ## - LOCAL SUBJECT ADDED ENTRY--TOPICAL TERM (OCLC, RLIN)
Topical term or geographic name as entry element CAREERS, EDUCATION AND TRAINING
942 ## - ADDED ENTRY ELEMENTS (KOHA)
Suppress in OPAC 0
Holdings
Withdrawn status Lost status Source of classification or shelving scheme Damaged status Not for loan Home library Current library Shelving location Date acquired Total Checkouts Full call number Barcode Date last seen Copy number Price effective from Koha item type
    Dewey Decimal Classification     London London News article 30/04/2002   WB3816-11 117785-1001 06/08/2019 1 06/08/2019 News article